Loading...
Timeline of India /
| Main Author: | |
|---|---|
| Format: | Printed Book |
| Language: | Undetermined |
| Published: |
England :
Canary Press ,
2011.
|
| LEADER | 00495nam a2200157Ia 4500 | ||
|---|---|---|---|
| 001 | 187097 | ||
| 008 | 170722s9999 xx 000 0 und d | ||
| 020 | |a 9780956265562 | ||
| 100 | |a Kerr, Gordon | ||
| 245 | |a Timeline of India / | ||
| 260 | |a England : |b Canary Press , |c 2011. | ||
| 300 | |a 159 p. | ||
| 923 | |d 20140816 |n 000061 | ||
| 942 | |c REF | ||
| 999 | |c 153950 |d 153950 | ||
| 952 | |0 0 |1 0 |4 0 |6 V_21_P_C6Q1R |7 0 |8 R |9 216488 |a LIB |b LIB |d 2015-01-23 |e Mathrubhumi Books |o V2:1.P c6Q1(R) |p 298351 |r 2017-08-12 |w 2017-08-12 |y REF | ||